Cassovia doplnila horné trio Extraliga basketbalistiek - 14. kolo: vysokánske víťazstvá prvých dvoch tímov

Bibliographic Details
Format: Article
Language:Slovak
PhysicalDescription:Tab.
ISSN:0139-7001
Subjects:

MARC

LEADER 00000nab a2200000 ar4500
001 vtls008627878
003 SK-MaSNL
005 20260303072500.0
008 060303c20060206xo dr|p|||||||000 b|slo
015 |a SNBRB2006/03  |2 snkbucl 
038 |a SNKBUCL 
040 |a SNKBUCL  |b slo  |c SNKBUCL  |e AACR2 
041 0 |a slo 
044 |a xo  |c SK 
080 |a 796.323.2.093.1  |2 UDC-MRF-SK2 
245 0 0 |a Cassovia doplnila horné trio  |b Extraliga basketbalistiek - 14. kolo: vysokánske víťazstvá prvých dvoch tímov 
300 |b Tab. 
648 7 |a sezóna 2005/2006  |2 snkbucl  |9 1033192 
650 0 7 |a basketbal  |2 snkbucl  |9 3290 
650 0 7 |a ženy  |2 snkbucl  |9 4865 
650 0 7 |a extraliga   |2 snkbucl  |9 18992 
650 0 7 |a 14. kolo  |2 snkbucl  |9 872582 
773 0 |t Šport  |g Roč. 60, č. 30 (6.2.2006), s. 31  |x 0139-7001 
852 |a SNK  |b KIS3GCP 
958 |a SK 
999 |c 1763639  |d 1765569